=LDR 00000nam 2200000 4500 =001 NUTBA000000000002129 =005 20140624103953.0 =006 =007 =008 =020 ##$$a 979-602-8055-30-7 =035 ##$$a 0010-061400000000072 =082 ##$$a 361.1 =100 ##$$a SOETOMO =245 ##$$a MASALAHG SOSIAL =260 ##$$a YOGYAKARTA $b PUSTAKA PELAJAR $c 2013 =850 ##$$a nbpnmat =990 ##$$a 21400613/BPAP-NTB/20142014